MARC details
| 000 -CABECERA |
| campo de control de longitud fija |
02112nam a2200385 4500 |
| 003 - IDENTIFICADOR DEL NÚMERO DE CONTROL |
| campo de control |
EC-UNACH |
| 005 - FECHA Y HORA DE LA ÚLTIMA TRANSACCIÓN |
| campo de control |
20250512165432.0 |
| 006 - CÓDIGOS DE INFORMACIÓN DE LONGITUD FIJA--CARACTERÍSTICAS DEL MATERIAL ADICIONAL |
| campo de control de longitud fija |
s||||gr|||| 00| 00 |
| 008 - DATOS DE LONGITUD FIJA--INFORMACIÓN GENERAL |
| campo de control de longitud fija |
150116t9999 mx r gr 000 0 spa d |
| 020 ## - NÚMERO INTERNACIONAL ESTÁNDAR DEL LIBRO |
| Número Internacional Estándar del Libro |
10121498 |
| 040 ## - FUENTE DE LA CATALOGACIÓN |
| Centro catalogador/agencia de origen |
EC-UNACH |
| Centro/agencia transcriptor |
EC-UNACH |
| 041 ## - CÓDIGO DE LENGUA |
| Código de lengua del texto/banda sonora o título independiente |
spa |
| 082 04 - NÚMERO DE LA CLASIFICACIÓN DECIMAL DEWEY |
| Número de edición |
23 |
| Número de clasificación |
300 |
| Número de documento/Ítem |
L017731 |
| 110 ## - ENTRADA PRINCIPAL--NOMBRE DE ENTIDAD CORPORATIVA |
| Nombre de entidad corporativa o nombre de jurisdicción como elemento de entrada |
Centro Andino de Acción Popular (CAAP) |
| 245 ## - MENCIÓN DE TÍTULO |
| Título |
Ecuador Debate N°77. Pensamiento Crítico |
| 250 ## - MENCIÓN DE EDICIÓN |
| Mención de edición |
Primera edición |
| 264 ## - Producción, publicación, distribución, fabricación y copyright |
| Lugar de producción, publicación, distribución, fabricación |
Quito - Ecuador |
| Nombre del de productor, editor, distribuidor, fabricante |
CAAP |
| Fecha de de producción, publicación, distribución, fabricación o copyright |
2009 |
| 300 ## - DESCRIPCIÓN FÍSICA |
| Extensión |
230 páginas |
| Otras características físicas |
cuadros, tablas |
| Dimensiones |
14,5 X 21 cm |
| 505 ## - NOTA DE CONTENIDO CON FORMATO |
| Nota de contenido con formato |
COYUNTURA.- Diálogo sobre la coyuntura: Tensiones y conflictos en la gestión gubernamental. Conflictividad socio-política: Marzo - Junio 2009.-- TEMA CENTRAL.- El pensamiento crítico contra el poder de los discursos. Desvanecimiento y (re) construcción del pensamiento crítico. Sobre la reconstitución del pensamiento crítico. La crisis como método en René Zavaleta Mercado. Ciudadanía y biopoder (las sugerencias de Andrés Guerrero). Agustín Cueva y la historicidad perdida. -- DEBATE AGRARIO-RURAL.- Los agrocarburantes o la agroenergía. Diversidad de las estrategias campesinas en la provincia del Azuay: un punto de vista geográfico. -- ANÁLISIS.- Los indígenas y la Revolución Ciudadana. Rupturas y alianzas en Cotacachi y Otavalo. -- RESEÑAS.- Desarrollo rural y neoliberalismo. Ecuador desde una perspectiva comparativa. La revolución política durante la época de la Independencia. El reino de Quito 1808-1822. El cine de la marginalidad. Realismo sucio y violencia urbana. |
| 650 ## - PUNTO DE ACCESO ADICIONAL DE MATERIA--TÉRMINO DE MATERIA |
| Término de materia o nombre geográfico como elemento inicial |
DEL PENSAMIENTO CRÍTICO |
| 650 ## - PUNTO DE ACCESO ADICIONAL DE MATERIA--TÉRMINO DE MATERIA |
| Término de materia o nombre geográfico como elemento inicial |
AGROCARBURANTES |
| 650 ## - PUNTO DE ACCESO ADICIONAL DE MATERIA--TÉRMINO DE MATERIA |
| Término de materia o nombre geográfico como elemento inicial |
AGRARIO-RURAL |
| 650 ## - PUNTO DE ACCESO ADICIONAL DE MATERIA--TÉRMINO DE MATERIA |
| Término de materia o nombre geográfico como elemento inicial |
ESTRATEGIAS CAMPESINAS |
| 650 ## - PUNTO DE ACCESO ADICIONAL DE MATERIA--TÉRMINO DE MATERIA |
| Término de materia o nombre geográfico como elemento inicial |
AZUAY |
| 650 ## - PUNTO DE ACCESO ADICIONAL DE MATERIA--TÉRMINO DE MATERIA |
| Término de materia o nombre geográfico como elemento inicial |
CIUDADANÍA Y BIOPODER |
| 700 ## - PUNTO DE ACCESO ADICIONAL--NOMBRE DE PERSONA |
| Nombre de persona |
Sánchez Parga, José |
| 700 ## - PUNTO DE ACCESO ADICIONAL--NOMBRE DE PERSONA |
| Nombre de persona |
Moreano, Alejandro |
| 700 ## - PUNTO DE ACCESO ADICIONAL--NOMBRE DE PERSONA |
| Nombre de persona |
Antezana, Luis |
| 700 ## - PUNTO DE ACCESO ADICIONAL--NOMBRE DE PERSONA |
| Nombre de persona |
Rojas Reyes, Carlos |
| 942 ## - ELEMENTOS DE PUNTO DE ACCESO ADICIONAL (KOHA) |
| Fuente del sistema de clasificación o colocación |
Clasificación Decimal Dewey |
| Tipo de ítem Koha |
Libros |
| 999 ## - NÚMEROS DE CONTROL DE SISTEMA (KOHA) |
| Koha biblionumber |
13509 |